Southville International School and Colleges
Your cart is empty.
  • Cart
  • Lists
    Public lists Eva Luna New books Lux_list list_1
    Your lists Log in to create your own lists
  • Log in to your account
  • Your cookies
  • Search history
Southville International School and Colleges
  • Advanced search
  • Recent comments
  • Most popular
  • Libraries

Log in to your account

Log in with GOOGLE


If you do not have an external account, but do have a local account, you can still log in:

  1. Home
  2. MARC view: Counseling in Schools :
Normal view MARC view ISBD view

Counseling in Schools : (Record no. 20227)

[ view plain ]
MARC details
000 -LEADER
fixed length control field 00674nam a2200205 a 4500
005 - DATE AND TIME OF LATEST TRANSACTION
control field 20140310183215.0
008 - FIXED-LENGTH DATA ELEMENTS--GENERAL INFORMATION
fixed length control field 030415s19uu xx 00 eng d
020 ## - INTERNATIONAL STANDARD BOOK NUMBER
International Standard Book Number 0205143500060
050 ## - LIBRARY OF CONGRESS CALL NUMBER
Classification number LB 1027.5
Item number .Sch2585 1993
100 ## - MAIN ENTRY--PERSONAL NAME
Personal name Schmidt, John J.
245 ## - TITLE STATEMENT
Title Counseling in Schools :
Remainder of title Essential services and comprehensive program /
Statement of responsibility, etc John J. Schmidt.
260 ## - PUBLICATION, DISTRIBUTION, ETC. (IMPRINT)
Place of publication, distribution, etc Boston :
Name of publisher, distributor, etc Allyn & Bacon,
Date of publication, distribution, etc 1993.
300 ## - PHYSICAL DESCRIPTION
Extent 372 p. :
Dimensions 25 cm.
521 ## - TARGET AUDIENCE NOTE
Target audience note
650 ## - SUBJECT ADDED ENTRY--TOPICAL TERM
Topical term or geographic name as entry element Counseling in elementary education
650 ## - SUBJECT ADDED ENTRY--TOPICAL TERM
Topical term or geographic name as entry element Counseling in the middle school education
General subdivision United States
650 ## - SUBJECT ADDED ENTRY--TOPICAL TERM
Topical term or geographic name as entry element Counseling in secondary education
942 ## - ADDED ENTRY ELEMENTS (KOHA)
Koha item type Books
Source of classification or shelving scheme Library of Congress Classification
Call number prefix Foreign
Holdings
Withdrawn status Lost status Source of classification or shelving scheme Damaged status Home library Current library Shelving location Date acquired Total Checkouts Full call number Barcode Date last seen Copy number Price effective from Koha item type
    Library of Congress Classification   College Library College Library General Circulation Section 07/30/2010   LB 1027.5 .Sch2585 1993 C3901 05/15/2018 1 10/10/2013 Books

Counseling in Schools :

APA

Schmidt J. J., . (1993). Counseling in Schools. Boston: Allyn & Bacon.

Chicago

Schmidt John J, . 1993. Counseling in Schools. Boston: Allyn & Bacon.

Harvard

Schmidt J. J., . (1993). Counseling in Schools. Boston: Allyn & Bacon.

MLA

Schmidt John J, . Counseling in Schools. Boston: Allyn & Bacon. 1993.

  • Place hold
  • Print
  • Cite
  • Add to your cart (remove)
  • Save record
    BIBTEX Dublin Core MARCXML MARC (non-Unicode/MARC-8) MARC (Unicode/UTF-8) MARC (Unicode/UTF-8, Standard) MODS (XML) RIS
  • More searches
    Search for this title in:
    Other Libraries (WorldCat) Other Databases (Google Scholar) Online Stores (Bookfinder.com) Open Library (openlibrary.org)

Exporting to Dublin Core...

SOUTHVILLE LIBRARY

Southville International School and Colleges Library

1281 Tropical Ave. Cor. Luxembourg St., BF Homes International, Las Pinas City

Tel. No. 8256374 / 252358 Loc. 117/146

Powered by Koha